[Event "Tournoi Skype 031A"]
[Site "Skype"]
[Date "????.??.??"]
[Round "1.1"]
[White "Vasquez Cienfuegos, Oscar"]
[Black "Resende, Paulo"]
[Result "1-0"]
[WhiteElo "1389"]
[BlackElo "1881"]
[PlyCount "95"]

1. c4 c6 2. d4 d5 3. e3 Nf6 4. Nc3 e6 5. Nf3 Bb4 6. Bd2 O-O 7. Bd3 Nbd7 8. O-O
Re8 9. Re1 e5 10. dxe5 Nxe5 11. Nxe5 Rxe5 12. Rc1 Re8 13. a3 Bxc3 14. Bxc3 dxc4
15. Bxc4 Be6 16. Bd3 Nd5 17. Bd4 Qg5 18. Qf3 Ne7 19. Kh1 Nf5 20. Bxf5 Bxf5 21.
Rc5 g6 22. Re5 Rxe5 23. Bxe5 Qe7 24. Qf4 Re8 25. Bc3 Qe4 26. Qh6 f6 27. Bxf6
Kf7 28. Qg7+ Ke6 29. f3 Qc2 30. Bc3 Re7 31. Qf6+ Kd7 32. e4 Be6 33. Qd4+ Ke8
34. Qxa7 Rd7 35. Qb8+ Kf7 36. Qf4+ Ke8 37. Qe5 Qb3 38. f4 Rd1 39. Qb8+ Ke7 40.
Bb4+ Kf6 41. Qf8+ Bf7 42. Bc3+ Ke6 43. Qc8+ Ke7 44. Qc7+ Ke6 45. f5+ gxf5 46.
exf5+ Kxf5 47. Qe5+ Kg4 48. Qe2+ 1-0

[Event "Tournoi Skype 031A"]
[Site "Skype"]
[Date "????.??.??"]
[Round "1.2"]
[White "Gonto, Peled"]
[Black "Perrone, Gabriel Lorenzo"]
[Result "1-0"]
[WhiteElo "1834"]
[BlackElo "1382"]
[PlyCount "85"]

1. d4 Nf6 2. c4 d5 3. cxd5 Qxd5 4. Nc3 Qd8 5. e4 Bg4 6. Be2 Bxe2 7. Ngxe2 e6 8.
Bg5 Be7 9. O-O O-O 10. Rc1 Nbd7 11. a3 c6 12. Qb3 Qb6 13. Qc2 h6 14. Bh4 Rfe8
15. b4 Nf8 16. Rfd1 Ng6 17. Bg3 Nh5 18. Na4 Qd8 19. Nc5 Bxc5 20. dxc5 Qe7 21.
Rd6 Nxg3 22. hxg3 Rad8 23. Rcd1 Rxd6 24. cxd6 Qf6 25. f4 e5 26. f5 Nf8 27. Qc5
Rd8 28. Kf2 Ne6 29. Qxa7 Rd7 30. Kg1 Ng5 31. Nc3 Rxd6 32. Qb8+ Kh7 33. Rxd6 Qe7
34. Qd8 Qxd8 35. Rxd8 f6 36. Rd7 b6 37. Kf2 c5 38. bxc5 bxc5 39. a4 Kg8 40. a5
Nf7 41. a6 Kf8 42. a7 Ke8 43. Rd5 1-0

[Event "Tournoi Skype 031A"]
[Site "Skype"]
[Date "????.??.??"]
[Round "1.3"]
[White "Galani, Mahendra"]
[Black "Hahnewald, Uwe"]
[Result "0-1"]
[WhiteElo "1375"]
[BlackElo "1806"]
[PlyCount "76"]

1. e4 c6 2. Ne2 d5 3. exd5 cxd5 4. d4 Nf6 5. Nf4 Nc6 6. Bb5 Bg4 7. Qd3 e6 8.
O-O a6 9. Bxc6+ bxc6 10. Qc3 Qc7 11. Be3 Bd6 12. g3 Ne4 13. Qe1 Bf5 14. c3 O-O
15. Nd2 e5 16. dxe5 Bxe5 17. Nxe4 Bxe4 18. f3 Bf5 19. Rc1 Rfe8 20. Qf2 Rab8 21.
Rfd1 Qa5 22. b4 Qb5 23. a3 a5 24. Bc5 Bxf4 25. gxf4 Re2 26. Qg3 Rbe8 27. Bd4 g6
28. Be5 Re6 29. Qh4 g5 30. Qxg5+ Rg6 31. Qxg6+ hxg6 32. Bd4 Bh3 33. Bf2 axb4
34. cxb4 Qa4 35. Re1 Qxa3 36. Rcd1 Rxe1+ 37. Rxe1 Qxf3 38. Re8+ Kh7 0-1

[Event "Tournoi Skype 031A"]
[Site "Skype"]
[Date "????.??.??"]
[Round "1.4"]
[White "Segura Lozano, Marcos Antonio"]
[Black "Carballo, Jorge"]
[Result "1-0"]
[WhiteElo "1804"]
[BlackElo "1367"]
[PlyCount "53"]

1. d4 d5 2. Nf3 Nf6 3. e3 e6 4. Bd3 Bd6 5. Nbd2 O-O 6. Qe2 Re8 7. Ne5 Nbd7 8.
f4 c6 9. O-O Qc7 10. Rf3 c5 11. c3 c4 12. Bc2 Nf8 13. Rh3 N6d7 14. Qh5 Nf6 15.
Qf3 b5 16. g4 h6 17. Rg3 Bb7 18. g5 Ne4 19. Rh3 hxg5 20. Qh5 Ng6 21. Qh7+ Kf8
22. Nxg6+ fxg6 23. Nxe4 dxe4 24. Qxg6 gxf4 25. exf4 Bxf4 26. Bxf4 Qxf4 27. Rf1
1-0

[Event "Tournoi Skype 031A"]
[Site "Skype"]
[Date "????.??.??"]
[Round "1.5"]
[White "Munoz Gonzalez, Martin"]
[Black "Vasquez, Georges"]
[Result "0-1"]
[WhiteElo "1365"]
[BlackElo "1796"]
[PlyCount "70"]

1. Nf3 Nf6 2. b3 d5 3. Bb2 Bf5 4. d3 e6 5. h3 h6 6. e3 c5 7. Nbd2 Nc6 8. Be2
Bd6 9. O-O e5 10. d4 Qe7 11. dxe5 Nxe5 12. Bxe5 Bxe5 13. Rc1 O-O 14. Re1 Bb2
15. Rb1 Bc3 16. Rf1 Rad8 17. Ne1 Ne4 18. Ndf3 Bf6 19. Qd3 Ng3 20. Qd2 Bc3 21.
Qd1 Nxf1 22. Bxf1 Rfe8 23. Bb5 Bd7 24. Bxd7 Rxd7 25. Qd3 Bf6 26. Rd1 Red8 27.
Nh2 h5 28. Nef3 Qe4 29. Qe2 d4 30. Nd2 Qxc2 31. exd4 Rxd4 32. Nhf3 R4d5 33. Kf1
Bc3 34. Ke1 Kf8 35. Qe3 Re8 0-1

[Event "Tournoi Skype 031A"]
[Site "Skype"]
[Date "????.??.??"]
[Round "1.6"]
[White "Deville, Olivier"]
[Black "Lago Carballo, Maria Del Carmen"]
[Result "1-0"]
[WhiteElo "1751"]
[BlackElo "1364"]
[PlyCount "57"]

1. d4 Nf6 2. c4 e6 3. Nf3 d5 4. g3 Be7 5. Bg2 dxc4 6. Qc2 a6 7. a4 O-O 8. O-O
Nbd7 9. Qxc4 Nb6 10. Qb3 Nbd5 11. Bd2 Rb8 12. Rc1 b6 13. Ne5 Bb7 14. e4 Nxe4
15. Bxe4 Nf6 16. Bxb7 Rxb7 17. Nc6 Qd7 18. Nxe7+ Qxe7 19. Bb4 c5 20. Ba3 Qd7
21. dxc5 bxc5 22. Qd1 Rd8 23. Qxd7 Rbxd7 24. Nc3 Rd2 25. Rd1 Ng4 26. Bxc5 Nf6
27. Rxd2 Rxd2 28. Rd1 Ne4 29. Rxd2 1-0

[Event "Tournoi Skype 031A"]
[Site "Skype"]
[Date "????.??.??"]
[Round "1.7"]
[White "Khabou, Taha"]
[Black "Grosso, Raul"]
[Result "1/2-1/2"]
[WhiteElo "1358"]
[BlackElo "1746"]
[PlyCount "119"]

1. d4 b6 2. Bf4 Bb7 3. Nf3 Nf6 4. h3 g6 5. e3 d6 6. Bd3 Bg7 7. c3 O-O 8. Bc2
Nbd7 9. Nbd2 c5 10. a4 Qc7 11. O-O a6 12. Bd3 Bc6 13. Qe2 e5 14. dxe5 dxe5 15.
Bg3 Nh5 16. Bh2 Kh8 17. Bxa6 f5 18. Bb5 f4 19. exf4 Nxf4 20. Bxf4 exf4 21. Rfe1
Rae8 22. Qc4 Ne5 23. Nxe5 Bxe5 24. Nf3 Bf6 25. Rad1 Rxe1+ 26. Rxe1 Bxf3 27.
gxf3 Qc8 28. Kg2 Bh4 29. Qe6 Qd8 30. Qg4 Kg7 31. Qd7+ Qxd7 32. Bxd7 Rd8 33. Bb5
Rd2 34. Re2 Rd1 35. Bc6 Bf6 36. Rc2 Kf7 37. b4 Be7 38. a5 Rd6 39. Be4 bxa5 40.
bxa5 Ra6 41. Ra2 Bd8 42. Bd5+ Kf6 43. Ra4 g5 44. Bb7 Rxa5 45. Rxa5 Bxa5 46. c4
Bc3 47. Be4 h5 48. Bd5 Ke5 49. Bf7 Kd4 50. Kg1 Kd3 51. Kf1 h4 52. Bd5 Bd2 53.
Be6 Ba5 54. Bd5 Bb4 55. Be6 Ba5 56. Bd5 Bb4 57. Be6 Bc3 58. Bd5 Bb2 59. Be6 Ba1
60. Bd5 1/2-1/2

[Event "Tournoi Skype 031A"]
[Site "Skype"]
[Date "????.??.??"]
[Round "1.8"]
[White "Rico Hernandez, Edgar"]
[Black "Pouteau, Pascal"]
[Result "1-0"]
[WhiteElo "1701"]
[BlackElo "1349"]
[PlyCount "31"]

1. d4 d5 2. c4 e6 3. Nc3 Nf6 4. Bg5 Nbd7 5. e3 Be7 6. Nf3 h6 7. Bf4 Nh5 8. cxd5
Nxf4 9. exf4 exd5 10. Nxd5 Nf6 11. Nc3 O-O 12. Bc4 Bd6 13. Ne5 Be6 14. Bxe6
fxe6 15. Qb3 Qe7 16. Ng6 1-0

[Event "Tournoi Skype 031A"]
[Site "Skype"]
[Date "????.??.??"]
[Round "1.9"]
[White "Abdulrazzaq, Mohsen"]
[Black "Calcino, Luis"]
[Result "0-1"]
[WhiteElo "1346"]
[BlackElo "1680"]
[PlyCount "114"]

1. e4 c6 2. d4 b5 3. Nf3 Nf6 4. Bd3 d6 5. h3 g6 6. Be3 Bg7 7. O-O O-O 8. Nc3 a5
9. a3 Nfd7 10. Re1 e5 11. d5 Nc5 12. Bxc5 dxc5 13. dxc6 b4 14. axb4 cxb4 15. c7
Qxc7 16. Nd5 Qc5 17. Kh1 Na6 18. Qe2 Nc7 19. Nxc7 Qxc7 20. Rac1 Be6 21. c4 h6
22. Nd2 a4 23. c5 b3 24. Bc4 Rfe8 25. Bxe6 Rxe6 26. Rc4 Bf8 27. Ra1 Rea6 28.
Qe3 Qc6 29. Nf3 Qe6 30. Qc3 Bg7 31. c6 f5 32. c7 Rc8 33. Raxa4 Rxa4 34. Rxa4
Kf7 35. Rc4 fxe4 36. Rxe4 Re8 37. Qc4 Rc8 38. Qxe6+ Kxe6 39. Rc4 Kd5 40. Nd2 e4
41. Rb4 Rxc7 42. Rxb3 Rc2 43. Nf1 Rxb2 44. Rxb2 Bxb2 45. Ne3+ Kd4 46. Kg1 Kd3
47. Kf1 Bd4 48. Ng4 h5 49. Nh2 g5 50. Ke1 Be5 51. Nf1 Bf4 52. g3 Be5 53. g4
Bc3+ 54. Kd1 h4 55. Ne3 Bd4 56. Ke1 Bxe3 57. fxe3 Kxe3 0-1

[Event "Tournoi Skype 031A"]
[Site "Skype"]
[Date "????.??.??"]
[Round "1.10"]
[White "Lucena Vaz, Jose"]
[Black "Gadow, Martin"]
[Result "0-1"]
[WhiteElo "1674"]
[BlackElo "1342"]
[PlyCount "78"]

1. c4 e5 2. Nc3 Nc6 3. g3 Nf6 4. Bg2 Be7 5. d3 O-O 6. Nf3 Bb4 7. O-O d5 8. cxd5
Nxd5 9. Nxd5 Qxd5 10. Nd2 Qe6 11. Nc4 b6 12. Qb3 a5 13. a3 Be7 14. Qc2 Nd4 15.
Qd2 Rb8 16. e3 Nb3 17. Qc3 Nxa1 18. Nxe5 Qxe5 19. Qxe5 Bd6 20. Qc3 Be6 21. Bd2
Nb3 22. Rd1 b5 23. Qc6 Rb6 24. Qc3 b4 25. Qc2 Nc5 26. Qc1 Bb3 27. Re1 Nxd3 28.
Qb1 Nxe1 29. Bxe1 bxa3 30. bxa3 Be6 31. Qa1 Rb3 32. a4 Rfb8 33. Qd4 Rb1 34. Kf1
Bb4 35. Ke2 Bxe1 36. Kf3 Bb4 37. Qa7 Bd6 38. Qd4 R1b4 39. Qc3 Bd5+ 0-1

[Event "Tournoi Skype 031A"]
[Site "Skype"]
[Date "????.??.??"]
[Round "1.11"]
[White "Garcia De La Calva, Juan Ramon"]
[Black "Elias, Roberto"]
[Result "0-1"]
[WhiteElo "1337"]
[BlackElo "1671"]
[PlyCount "100"]

1. e4 e5 2. Nc3 Nf6 3. g3 Nc6 4. Bg2 Bc5 5. Nge2 O-O 6. O-O a6 7. d3 d6 8. h3
Be6 9. Nd5 h6 10. Be3 Bxe3 11. fxe3 Nh7 12. c4 Qd7 13. h4 Ne7 14. Nec3 Rae8 15.
d4 c6 16. Nxe7+ Qxe7 17. d5 Bd7 18. Qb3 Rb8 19. Qb6 Nf6 20. b4 Nh5 21. Kh2 g5
22. Bf3 gxh4 23. Bxh5 hxg3+ 24. Kg2 Qg5 25. Bxf7+ Rxf7 26. Rxf7 Kxf7 27. Rf1+
Kg8 28. Qc7 Rd8 29. Rf3 Bg4 30. Qf7+ Kh8 31. Qf6+ Qxf6 32. Rxf6 Kg7 33. Rf1
cxd5 34. exd5 h5 35. Kxg3 Rc8 36. Ne4 Rxc4 37. Nxd6 Rxb4 38. Rf7+ Kg6 39. Rxb7
Rxb7 40. Nxb7 Kf6 41. e4 Be2 42. a4 Ke7 43. Kf2 Bd1 44. Nc5 Kd6 45. Nb7+ Kc7
46. Nc5 a5 47. Nd3 Kd6 48. Nb2 Bc2 49. Nd3 Bxd3 50. Kf3 Bc2 0-1

[Event "Tournoi Skype 031A"]
[Site "Skype"]
[Date "????.??.??"]
[Round "1.12"]
[White "Lambert, Pierre"]
[Black "Marino, Giuseppe"]
[Result "1-0"]
[WhiteElo "1660"]
[BlackElo "1335"]
[PlyCount "41"]

1. e4 e5 2. Nf3 d6 3. d4 exd4 4. Nxd4 Nf6 5. Nc3 c6 6. Bd3 Be7 7. O-O O-O 8. h3
Nbd7 9. Nf5 Ne5 10. Nxe7+ Qxe7 11. Be2 Be6 12. f4 Bc4 13. fxe5 Bxe2 14. Qxe2
Qxe5 15. Rf5 Qe6 16. Bg5 Ne8 17. Raf1 Nc7 18. Qg4 Ne8 19. R5f4 Qxg4 20. Rxg4
Rc8 21. Be7 1-0

[Event "Tournoi Skype 031A"]
[Site "Skype"]
[Date "????.??.??"]
[Round "1.13"]
[White "Mishra, Sourabh"]
[Black "Lopez, Jose Luis"]
[Result "0-1"]
[WhiteElo "1335"]
[BlackElo "1651"]
[PlyCount "48"]

1. d4 Nf6 2. Nf3 e6 3. e3 b6 4. Nbd2 Bb7 5. Bd3 d5 6. O-O Nbd7 7. c4 c5 8. cxd5
Nxd5 9. a3 Be7 10. e4 Nf4 11. Bc2 O-O 12. Nc4 Ng6 13. d5 exd5 14. exd5 b5 15.
Ne3 Nf6 16. Qe2 c4 17. Rd1 Nxd5 18. Nxd5 Bxd5 19. Be4 Qc7 20. Rxd5 Rad8 21.
Rxd8 Rxd8 22. Bxg6 hxg6 23. Be3 Bf6 24. Qd1 Rxd1+ 0-1

[Event "Tournoi Skype 031A"]
[Site "Skype"]
[Date "????.??.??"]
[Round "1.14"]
[White "Caputi, Giuliano"]
[Black "Thavorath, Nirandas"]
[Result "0-1"]
[WhiteElo "1638"]
[BlackElo "1335"]
[PlyCount "48"]

1. Nf3 d5 2. d4 Nc6 3. g3 Bg4 4. Bg2 e6 5. Nbd2 Nf6 6. b3 Bd6 7. Bb2 Qe7 8. a3
h6 9. c4 Qd7 10. O-O O-O 11. Ne5 Bxe5 12. dxe5 Nh7 13. h3 Bh5 14. g4 Bg6 15. f4
Qe7 16. cxd5 Qc5+ 17. Kh1 Ne7 18. Rc1 Qb6 19. e4 f5 20. exf6 Nxf6 21. Bxf6 Rxf6
22. dxe6 Rd8 23. Qc2 Rxe6 24. f5 Rc6 0-1

[Event "Tournoi Skype 031A"]
[Site "Skype"]
[Date "????.??.??"]
[Round "1.15"]
[White "Hague, Mark"]
[Black "Garcia Andrinal, Antonio"]
[Result "0-1"]
[WhiteElo "1324"]
[BlackElo "1632"]
[PlyCount "108"]

1. d4 d5 2. e3 e6 3. Bd3 Nf6 4. f4 Nbd7 5. Nf3 b6 6. c3 Bb7 7. b4 Ne4 8. O-O a5
9. Bb2 axb4 10. cxb4 Bxb4 11. a3 Be7 12. Nbd2 O-O 13. Ne5 f6 14. Nxd7 Qxd7 15.
Nf3 c5 16. Qc2 c4 17. Bxe4 dxe4 18. Nd2 Qd5 19. Qxc4 Rfc8 20. Qxd5 Bxd5 21.
Rfc1 Bd6 22. Rxc8+ Rxc8 23. Rc1 Rxc1+ 24. Bxc1 Kf7 25. Kf2 Ke7 26. Ke1 Kd7 27.
Kd1 Kc6 28. Kc2 Kb5 29. Kc3 Ka4 30. Nb1 b5 31. g4 Ba2 32. Kb2 Bxb1 33. Kxb1
Bxa3 34. Bxa3 Kxa3 35. Kc2 b4 36. f5 Ka2 37. fxe6 b3+ 38. Kc3 b2 39. e7 b1=Q
40. e8=Q Qb3+ 41. Kd2 Qd3+ 42. Ke1 Qxe3+ 43. Kf1 Qf3+ 44. Ke1 Qh1+ 45. Kd2
Qxh2+ 46. Kc3 Qh3+ 47. Kb4 Qb3+ 48. Kc5 e3 49. d5 Qc2+ 50. Kd6 e2 51. Qc6 Qxc6+
52. dxc6 e1=Q 53. c7 Qe8 54. Kd5 Qd7+ 0-1

[Event "Tournoi Skype 031A"]
[Site "Skype"]
[Date "????.??.??"]
[Round "1.16"]
[White "Calderon, Francisco"]
[Black "Kruk, Clementine"]
[Result "1-0"]
[WhiteElo "1604"]
[BlackElo "1324"]
[PlyCount "33"]

1. e4 e5 2. Nf3 Nc6 3. Bc4 Bc5 4. O-O d6 5. c3 Bg4 6. h3 Bh5 7. d3 h6 8. b4 Bb6
9. a4 a5 10. b5 Nce7 11. Nbd2 d5 12. exd5 Nxd5 13. Qb3 Nf4 14. Nxe5 Qg5 15.
Bxf7+ Kf8 16. Ba3+ c5 17. bxc6+ 1-0

[Event "Tournoi Skype 031A"]
[Site "Skype"]
[Date "????.??.??"]
[Round "1.18"]
[White "Gungor, Gokhan"]
[Black "Davis, Michael"]
[Result "1-0"]
[WhiteElo "1550"]
[BlackElo "1308"]
[PlyCount "39"]

1. e4 e5 2. Nf3 Nc6 3. d4 exd4 4. Nxd4 Nge7 5. Bg5 d6 6. Nc3 Be6 7. Nxe6 fxe6
8. Bc4 Qd7 9. Qh5+ Ng6 10. Qh3 Nd4 11. O-O-O e5 12. Qh5 Be7 13. Nd5 O-O-O 14.
Nxe7+ Nxe7 15. Qf7 Rde8 16. Be3 Nec6 17. Qh5 g6 18. Qh4 Rhf8 19. Bh6 Rf6 20.
Qxf6 1-0

[Event "Tournoi Skype 031A"]
[Site "Skype"]
[Date "????.??.??"]
[Round "1.20"]
[White "Sanchez Ruiz, Justo"]
[Black "Ram, Madhukesh"]
[Result "0-1"]
[WhiteElo "1519"]
[BlackElo "1299"]
[PlyCount "104"]

1. d4 Nf6 2. Bf4 g6 3. Nc3 Bg7 4. e4 d6 5. h4 O-O 6. Qd2 e5 7. dxe5 dxe5 8.
Qxd8 Rxd8 9. Bg5 Be6 10. Be2 Nc6 11. Nf3 Rd7 12. O-O Rad8 13. Bb5 h6 14. Bxc6
bxc6 15. Be3 Ng4 16. Bxa7 Ra8 17. Bc5 Rb8 18. b3 f5 19. Rfe1 Bf6 20. g3 f4 21.
a4 Rf7 22. gxf4 exf4 23. e5 Bg7 24. a5 Rf5 25. Ba7 Ra8 26. Bd4 c5 27. Bxc5 Bxe5
28. Nxe5 Nxe5 29. Rxe5 Rxe5 30. b4 c6 31. Rd1 g5 32. Bd6 Rf5 33. Re1 Kf7 34. h5
g4 35. Re4 Rd8 36. Bxf4 Rxh5 37. Be3 Rg8 38. Rf4+ Ke7 39. Bc5+ Kd7 40. Na4 g3
41. Nb6+ Kc7 42. fxg3 Rxg3+ 43. Kf2 Ra3 44. Bd4 Rh2+ 45. Kg1 Rxc2 46. Rf1 Raa2
47. Be5+ Kb7 48. Rd1 Bf5 49. Bf4 Rg2+ 50. Kh1 Be4 51. Rd7+ Ka6 52. Nc8 Rg3# 0-1

[Event "Tournoi Skype 031A"]
[Site "Skype"]
[Date "????.??.??"]
[Round "1.21"]
[White "Pasasin, Alejandro"]
[Black "Lovell, Stan"]
[Result "0-1"]
[WhiteElo "1298"]
[BlackElo "1518"]
[PlyCount "76"]

1. d4 Nf6 2. Bf4 d6 3. Nf3 g6 4. e3 Bg7 5. h3 O-O 6. Be2 Nbd7 7. O-O Re8 8.
Nbd2 e5 9. Bh2 e4 10. Ne1 Nb6 11. c4 Bd7 12. b3 a5 13. a4 h6 14. Rc1 Nc8 15. c5
dxc5 16. Rxc5 c6 17. Bc4 Nb6 18. Qa1 Nfd5 19. Nc2 Bf8 20. Rxd5 Nxd5 21. Be2 Qg5
22. Kh1 Qe7 23. Nc4 Be6 24. Ne5 Bg7 25. Na3 Nb4 26. Qb1 Nd3 27. Nac4 Nxe5 28.
Nxe5 Bd5 29. Bc4 Bxc4 30. bxc4 Qb4 31. Qa2 Qe7 32. Qb2 c5 33. Re1 Rad8 34. Rd1
Rd6 35. Qc3 Qd8 36. Qb2 Bxe5 37. Bxe5 Rxe5 38. d5 Re7 0-1

[Event "Tournoi Skype 031A"]
[Site "Skype"]
[Date "????.??.??"]
[Round "1.22"]
[White "Saponara, Jose Maria"]
[Black "Lopes, Marcia Maria"]
[Result "1-0"]
[WhiteElo "1516"]
[BlackElo "1297"]
[PlyCount "67"]

1. e4 c5 2. c4 d6 3. Nc3 Nf6 4. d3 Nc6 5. f4 e5 6. f5 h6 7. Be3 a6 8. Be2 Be7
9. Nh3 O-O 10. Qd2 Nd4 11. Nf2 Nxe2 12. Qxe2 Rb8 13. g4 Nd7 14. Qd2 Bg5 15. Nd5
Bxe3 16. Nxe3 f6 17. h4 Nb6 18. Ke2 Bd7 19. Rag1 Be8 20. Nh3 Nc8 21. Nf1 Ne7
22. Ng3 Nc6 23. g5 h5 24. g6 Nd4+ 25. Ke3 b5 26. Qd1 Bxg6 27. fxg6 f5 28. Qxh5
f4+ 29. Kf2 fxg3+ 30. Kg2 Rf2+ 31. Nxf2 Kf8 32. Qh8+ Ke7 33. Qxg7+ Ke6 34. Qf7#
1-0

[Event "Tournoi Skype 031A"]
[Site "Skype"]
[Date "????.??.??"]
[Round "1.23"]
[White "Yeter, Orhan"]
[Black "Sharma, Mayank"]
[Result "1-0"]
[WhiteElo "1297"]
[BlackElo "1509"]
[PlyCount "31"]

1. e4 c5 2. d4 cxd4 3. c3 dxc3 4. Nxc3 d6 5. Bc4 a6 6. Nf3 Nf6 7. O-O Qc7 8.
Qe2 b5 9. Bb3 Bb7 10. Rd1 Nbd7 11. Bf4 e6 12. Rac1 Qb8 13. e5 Nxe5 14. Nxe5
dxe5 15. Bxe5 Qa7 16. Nxb5 1-0

[Event "Tournoi Skype 031A"]
[Site "Skype"]
[Date "????.??.??"]
[Round "1.24"]
[White "Khetre, Gaurav"]
[Black "Graham, Neil"]
[Result "1/2-1/2"]
[WhiteElo "1502"]
[BlackElo "1285"]
[PlyCount "99"]

1. d4 Nf6 2. c4 e6 3. Nf3 b6 4. g3 Bb7 5. Bg2 d5 6. O-O dxc4 7. Qa4+ Nbd7 8.
Qxc4 Bd6 9. Nc3 a6 10. a4 O-O 11. Bg5 h6 12. Bf4 Nd5 13. Bd2 Re8 14. e4 Nxc3
15. Bxc3 Bxe4 16. Nd2 Bxg2 17. Kxg2 Qg5 18. Ne4 Qe7 19. Nxd6 Qxd6 20. Bb4 Qd5+
21. Qxd5 exd5 22. Rac1 Rac8 23. Rc6 Re6 24. Rfc1 Rxc6 25. Rxc6 Nf6 26. Bd6 Ne8
27. Bf4 f6 28. h4 g5 29. hxg5 hxg5 30. Bd2 Rd8 31. a5 Rd6 32. Rc2 bxa5 33. Bxa5
c6 34. Bb4 Re6 35. Bc5 Nc7 36. b4 Nb5 37. Ra2 Re4 38. Rxa6 Nxd4 39. f3 Re2+ 40.
Kf1 Rd2 41. Bxd4 Rxd4 42. Rxc6 Rxb4 43. Rxf6 g4 44. Rg6+ Kf7 45. Rxg4 Rxg4 46.
fxg4 Kg6 47. Kf2 Kg5 48. Ke3 Kxg4 49. Kd4 Kxg3 50. Kxd5 1/2-1/2

[Event "Tournoi Skype 031A"]
[Site "Skype"]
[Date "????.??.??"]
[Round "1.25"]
[White "Chavero, Victor"]
[Black "Alvarez, Juan Evangelista"]
[Result "1-0"]
[WhiteElo "1281"]
[BlackElo "1474"]
[PlyCount "71"]

1. e4 e5 2. Nf3 d6 3. Bc4 Be7 4. O-O Bf6 5. c3 Nh6 6. Qb3 Be6 7. Bxe6 Rf8 8.
Bc4 Nc6 9. Qxb7 Kd7 10. Bb5 Ke6 11. Qxc6 Ke7 12. Re1 Re8 13. d4 Kf8 14. dxe5
dxe5 15. Bxh6 gxh6 16. Qc5+ Kg7 17. Bxe8 Qxe8 18. Qxc7 h5 19. Nbd2 h4 20. h3
Rd8 21. Nc4 Rd7 22. Qc6 h5 23. Ncxe5 Qe7 24. Nxd7 Qe6 25. Qxe6 fxe6 26. Nxf6
Kxf6 27. e5+ Kf7 28. c4 Ke7 29. Red1 a5 30. c5 a4 31. c6 a3 32. bxa3 Kf7 33. c7
Kg6 34. c8=Q Kf5 35. Qf8+ Ke4 36. Rd4# 1-0

[Event "Tournoi Skype 031A"]
[Site "Skype"]
[Date "????.??.??"]
[Round "1.27"]
[White "Sauvaget, Joel"]
[Black "Karia, Vijay"]
[Result "0-1"]
[WhiteElo "1255"]
[BlackElo "1447"]
[PlyCount "48"]

1. e4 d5 2. exd5 Qxd5 3. Nc3 Qa5 4. a3 Bf5 5. d3 e6 6. Bd2 c6 7. Nf3 Nd7 8. Be2
Ngf6 9. Nh4 Bg6 10. Nxg6 hxg6 11. h3 Qc7 12. Bf3 Bd6 13. Ne4 Nxe4 14. Bxe4 Nf6
15. Bf3 O-O 16. Bc3 Nd5 17. Bxd5 exd5 18. O-O Rfe8 19. Qf3 Re6 20. Rae1 Rae8
21. Rxe6 Rxe6 22. Re1 Qe7 23. Rxe6 Qxe6 24. Qe4 dxe4 0-1

[Event "Tournoi Skype 031A"]
[Site "Skype"]
[Date "????.??.??"]
[Round "1.28"]
[White "Bagayatkar, Madan"]
[Black "Gharbi, Said"]
[Result "1-0"]
[WhiteElo "1434"]
[BlackElo "1252"]
[PlyCount "63"]

1. e4 e5 2. Nf3 Nc6 3. Bb5 Nge7 4. c3 a6 5. Ba4 b5 6. Bb3 Bb7 7. O-O g6 8. d4
Bg7 9. Be3 Na5 10. Bc2 Nc4 11. Bc1 Nd6 12. dxe5 Nxe4 13. Re1 Nc5 14. Nbd2 O-O
15. Ne4 Nxe4 16. Bxe4 Bxe4 17. Rxe4 Nc6 18. Qe2 Re8 19. a4 d5 20. exd6 Rxe4 21.
Qxe4 Qxd6 22. Bf4 Qe6 23. Qxe6 fxe6 24. axb5 e5 25. Be3 e4 26. Nd2 Ne5 27. bxa6
Nd3 28. Nc4 Nxb2 29. Nxb2 Bxc3 30. a7 Bxb2 31. Rb1 Kg7 32. Rxb2 1-0

[Event "Tournoi Skype 031A"]
[Site "Skype"]
[Date "????.??.??"]
[Round "1.29"]
[White "Vaswani, Manohar"]
[Black "Gokcek, Cagri"]
[Result "0-1"]
[WhiteElo "1238"]
[BlackElo "1434"]
[PlyCount "32"]

1. e4 e5 2. Nf3 Nc6 3. Bc4 Bc5 4. d3 Nf6 5. Bg5 h6 6. Bh4 d6 7. h3 Be6 8. Bb3
Qe7 9. Nc3 g5 10. Bg3 O-O-O 11. Qd2 d5 12. exd5 Bxd5 13. Bxd5 Nxd5 14. O-O-O
Bb4 15. Rhe1 Bxc3 16. bxc3 Qa3+ 0-1

[Event "Tournoi Skype 031A"]
[Site "Skype"]
[Date "????.??.??"]
[Round "1.30"]
[White "Engstrom, Olle"]
[Black "L'Herbon De Lussats, Jean"]
[Result "1-0"]
[WhiteElo "1430"]
[BlackElo "1233"]
[PlyCount "77"]

1. e4 c5 2. Nf3 d6 3. d4 cxd4 4. Nxd4 a6 5. c4 e5 6. Nb3 Nf6 7. Nc3 Bd7 8. Be2
Bc6 9. Bg5 Nbd7 10. Nd5 h6 11. Be3 Nxe4 12. a4 a5 13. f3 Qh4+ 14. g3 Nxg3 15.
Bf2 Be7 16. Bxg3 Qh3 17. Bf1 Qh5 18. Nc7+ Kd8 19. Nxa8 Bxf3 20. Be2 e4 21. Nd4
Bh4 22. Bxf3 exf3 23. Qxf3 Re8+ 24. Kf1 Qg5 25. Qxb7 Qf6+ 26. Kg2 Qxd4 27. Qc7+
Ke7 28. Bxd6+ Qxd6 29. Rhe1+ Bxe1 30. Rxe1+ Qe6 31. Qxa5 Rxa8 32. Rxe6+ Kxe6
33. Qxa8 f5 34. Qd5+ Ke7 35. c5 g6 36. c6 Nb6 37. Qc5+ Kd8 38. Qxb6+ Ke7 39.
Qd4 1-0

[Event "Tournoi Skype 031A"]
[Site "Skype"]
[Date "????.??.??"]
[Round "1.31"]
[White "Morales Terreros, Jose Luis"]
[Black "Quispe, Alberto"]
[Result "1-0"]
[WhiteElo "1231"]
[BlackElo "1414"]
[PlyCount "57"]

1. e4 e5 2. Nf3 Nc6 3. d4 exd4 4. Bc4 h6 5. c3 d6 6. cxd4 Nf6 7. O-O Be7 8. e5
dxe5 9. Nxe5 Nxe5 10. dxe5 Qxd1 11. Rxd1 Nd7 12. e6 fxe6 13. Bxe6 Nf6 14. Bb3
Bf5 15. Nc3 c6 16. Ne2 Rd8 17. Be3 a6 18. Nf4 g5 19. Ne6 Bxe6 20. Bxe6 Rd6 21.
Rxd6 Bxd6 22. Rd1 Ke7 23. Bb3 Rf8 24. h4 Bf4 25. Bc5+ Ke8 26. Re1+ Kd8 27. Bxf8
gxh4 28. Be7+ Kc7 29. Bxf6 1-0

[Event "Tournoi Skype 031A"]
[Site "Skype"]
[Date "????.??.??"]
[Round "1.32"]
[White "Junqueira, Leonardo De Faria"]
[Black "Trivedi, Viral"]
[Result "1-0"]
[WhiteElo "1408"]
[BlackElo "1202"]
[PlyCount "137"]

1. e4 e6 2. d4 d5 3. e5 c5 4. c3 Nc6 5. Nf3 Bd7 6. Bb5 Nxe5 7. Bxd7+ Nxd7 8.
Qa4 Ngf6 9. Bg5 Bd6 10. Nbd2 O-O 11. O-O-O Nb6 12. Qb3 h6 13. Bh4 Bf4 14. Kb1
a5 15. dxc5 Nbd7 16. Qa4 Nxc5 17. Qd4 g5 18. Qxc5 Bxd2 19. Nxd2 gxh4 20. f3 Rc8
21. Qe3 Kg7 22. Qe5 Kh7 23. Qd4 Nd7 24. g3 h3 25. g4 Rc4 26. Nxc4 b5 27. Ne5
Nxe5 28. Qxe5 b4 29. cxb4 axb4 30. Rc1 b3 31. a3 Qg5 32. Qxg5 hxg5 33. Rc3 Rb8
34. Rhc1 Kg7 35. Rc7 Kf6 36. Rd7 Kg6 37. Rcc7 f5 38. gxf5+ Kxf5 39. Rf7+ Ke5
40. Kc1 Kd4 41. Rg7 Rf8 42. Rgf7 Rg8 43. Kd2 e5 44. a4 e4 45. fxe4 g4 46. exd5
g3 47. hxg3 Kxd5 48. Rg7 Rf8 49. Rcf7 Rh8 50. Rh7 Ra8 51. Rxh3 Rxa4 52. Rf5+
Ke6 53. Rb5 Rg4 54. Rh6+ Kf7 55. Rxb3 Kg7 56. Rc6 Rd4+ 57. Kc3 Rd7 58. Kc4 Kf8
59. Rf3+ Ke7 60. Rcf6 Rc7+ 61. Kb3 Rb7+ 62. Ka2 Ra7+ 63. Kb1 Ra8 64. Rh6 Rg8
65. Rf7+ Ke8 66. Ra7 Kf8 67. Ra8+ Kf7 68. Rxg8 Kxg8 69. Rb6 1-0

[Event "Tournoi Skype 031A"]
[Site "Skype"]
[Date "????.??.??"]
[Round "1.33"]
[White "Vello, Pablo"]
[Black "Grib, Johannes"]
[Result "1/2-1/2"]
[WhiteElo "1190"]
[BlackElo "1407"]
[PlyCount "156"]

1. d4 Nf6 2. Nc3 e6 3. Bf4 Bb4 4. Qd3 Bxc3+ 5. Qxc3 Nd5 6. Qg3 Nxf4 7. Qxf4 g5
8. Qd2 d5 9. Nf3 f6 10. e3 Bd7 11. h3 Qe7 12. Be2 h5 13. O-O-O Nc6 14. Bd3 Rh6
15. Kb1 a5 16. Be2 a4 17. Ne1 Na5 18. Qc3 Nc4 19. Bxc4 dxc4 20. Qxc4 Bc6 21. f3
Bd5 22. Qc3 b5 23. Nd3 Qd6 24. e4 Bc4 25. e5 Qf8 26. Nc5 f5 27. Nd3 Rh7 28. Qb4
Qxb4 29. Nxb4 Rd7 30. Nd3 Bd5 31. Nc5 Rdd8 32. Rdf1 Bc4 33. Rd1 b4 34. g4 b3
35. cxb3 Be2 36. Rd2 Bxf3 37. Rg1 Be4+ 38. Kc1 axb3 39. a3 hxg4 40. hxg4 Bd5
41. gxf5 exf5 42. Rxg5 f4 43. e6 f3 44. Rh2 Ke7 45. Rg7+ Kd6 46. Rhh7 Bxe6 47.
Nxe6 Kxe6 48. Re7+ Kd6 49. Ref7 Ke6 50. Rxf3 Rxd4 51. Rxb3 Rc4+ 52. Kd2 Rd8+
53. Rd3 Rxd3+ 54. Kxd3 Rc1 55. Rh6+ Kd5 56. Rh5+ Kc6 57. a4 Kb7 58. Kd4 c6 59.
Rc5 Rd1+ 60. Kc4 Kb6 61. a5+ Kc7 62. Kb4 Rd2 63. b3 Rd4+ 64. Rc4 Rd5 65. Rc5
Rd4+ 66. Kc3 Rd8 67. b4 Kb7 68. Kc4 Rd6 69. b5 cxb5+ 70. Kxb5 Rd3 71. a6+ Kb8
72. Kc4 Ra3 73. Kb5 Ra1 74. Rc6 Rb1+ 75. Kc5 Ka7 76. Kd6 Rb6 77. Rxb6 Kxb6 78.
Kd7 Kxa6 1/2-1/2